00521nam a22001697a 4500003000900000005001700009007000300026008004100029020001800070040002500088082001600113100003300129245007500162260005300237300002100290500004000311DO-SdBNP20221130141925.0ta110301s2017 dr 000 0 spa d a9789945089424 aDO-SdBNPbspacBNPHU 4axxxxbM516c1 aMejia Aybar, Emmanuel Ulises10aCalendario matemático de álgebra /cEmmanuel Ulises Mejía Aybar  aSanto Domingo :bSimpleproductmejiaaybar,c2017. a170 p. :c28 cm. aLibro de ejercicios matemáticos.